Symposium on testing of parts and assemblies, (Record no. 545120)

000 -LEADER
fixed length control field 00846cam a22001931 4500
082 ## - DEWEY DECIMAL CLASSIFICATION NUMBER
Classification number 620.1127
Author Mark AME
-- L-36, P-29
110 2# - MAIN ENTRY--CORPORATE NAME
Corporate name or jurisdiction name as entry element American Society for Testing Materials.
9 (RLIN) 25223
245 10 - TITLE STATEMENT
Title Symposium on testing of parts and assemblies,
Statement of responsibility, etc. sponsored jointly by American Society for Testing Materials and Society for Experimental Stress Analysis; presented at the forty-ninth annual meeting, American Society for Testing Materials, Buffalo, N.Y., June 26, 1946.
260 ## - PUBLICATION, DISTRIBUTION, ETC.
Place of publication, distribution, etc. Philadelphia
Date of publication, distribution, etc. [1947]
300 ## - PHYSICAL DESCRIPTION
Extent 86 p.
Other physical details ill.
Dimensions 23 cm.
490 1# - SERIES STATEMENT
Series statement Its Technical publication
526 ## - STUDY PROGRAM INFORMATION NOTE
Program name 0
Interest level 0
Reading level 0
Title point value 620_112700000000000_AME
650 #0 - SUBJECT ADDED ENTRY--TOPICAL TERM
Topical term or geographic name entry element Machine design.
9 (RLIN) 18984
650 #0 - SUBJECT ADDED ENTRY--TOPICAL TERM
Topical term or geographic name entry element Machinery
General subdivision Testing.
9 (RLIN) 40888
650 #0 - SUBJECT ADDED ENTRY--TOPICAL TERM
Topical term or geographic name entry element MCE
9 (RLIN) 379
650 #0 - SUBJECT ADDED ENTRY--TOPICAL TERM
Topical term or geographic name entry element Metals
General subdivision Fatigue.
9 (RLIN) 40889
710 2# - ADDED ENTRY--CORPORATE NAME
Corporate name or jurisdiction name as entry element Society for Experimental Stress Analysis.
9 (RLIN) 40890
942 ## - ADDED ENTRY ELEMENTS (KOHA)
Source of classification or shelving scheme
Koha item type Book
Holdings
Withdrawn status Lost status Source of classification or shelving scheme Damaged status Not for loan Permanent Location Current Location Date acquired Total Checkouts Full call number Barcode Date last seen Price effective from Koha item type
          Military College of Engineering (MCE) Military College of Engineering (MCE) 05/19/2014   620.1127 AME MCE-30823 05/19/2014 05/19/2014 Book
© 2023 Central Library, National University of Sciences and Technology. All Rights Reserved.